Oxford school thesaurus : (Record no. 5494)

MARC details
000 -LEADER
fixed length control field 01936nam a22002297a 4500
001 - CONTROL NUMBER
control field 5494
003 - CONTROL NUMBER IDENTIFIER
control field FISKH
005 - DATE AND TIME OF LATEST TRANSACTION
control field 20241212124956.0
008 - FIXED-LENGTH DATA ELEMENTS--GENERAL INFORMATION
fixed length control field 241212b cb ||||| |||| 00| 0 eng d
020 ## - INTERNATIONAL STANDARD BOOK NUMBER
International Standard Book Number 9780192756947
040 ## - CATALOGING SOURCE
Original cataloging agency FISKH
Language of cataloging eng
Transcribing agency FISKH
Modifying agency FISKH
082 ## - DEWEY DECIMAL CLASSIFICATION NUMBER
Classification number 423.12
100 ## - MAIN ENTRY--PERSONAL NAME
Personal name Allen, Robert
Relator term edtior
245 ## - TITLE STATEMENT
Title Oxford school thesaurus :
Remainder of title easy to use ! /
Statement of responsibility, etc. by Robert Allen
260 ## - PUBLICATION, DISTRIBUTION, ETC.
Place of publication, distribution, etc. Oxford :
Name of publisher, distributor, etc. Oxford University Press ;
Date of publication, distribution, etc. 2012.
300 ## - PHYSICAL DESCRIPTION
Extent 581 pages :
Other physical details illustrations ;
Dimensions 16 cm .
490 ## - SERIES STATEMENT
Series statement Oxford: Dictionaries & Reference for Schools
520 ## - SUMMARY, ETC.
Summary, etc. This authoritative new edition of the bestselling Oxford School Thesaurus boosts vocabulary and improves writing skills through new curriculum support. With the help of the Oxford Children's Corpus, the largest bank of children's language in English, the thesaurus is able to proivde a range ofcarefully-levelled words, synonyms and antonyms and age-appropriate example sentences. These are written in the natural language of contemporary children using contexts that will make the thesaurus easy and enjoyable for every child to use. Phrasal verbs, idioms, and writing tips help to explore therichness of language and make writing more effective, whether in creative writing or in essays, projects, reports and letters.A writing supplement with spelling, grammar and punctuation support makes this a complete toolkit to enhance basic literacy skills, build confidence, deliver the curriculum and help children prepare for the level of writing expected at secondary school. As with all Oxford children's thesauruses, ithas been trialled with teachers. A perfect buy, in a resilient hardback format with a refreshing new look, an essential for any bookshelf.Free downloadable word games, puzzles and activities are available at www.oxforddictionaries.com/schools
700 ## - ADDED ENTRY--PERSONAL NAME
Personal name Mannion , John
Relator term Literacy Consultant
942 ## - ADDED ENTRY ELEMENTS (KOHA)
Source of classification or shelving scheme Dewey Decimal Classification
Koha item type Books
Suppress in OPAC No
Holdings
Withdrawn status Lost status Source of classification or shelving scheme Damaged status Not for loan Collection Home library Current library Shelving location Date acquired Total Checkouts Full call number Barcode Date last seen Copy number Price effective from Koha item type
    Dewey Decimal Classification     Non-Fiction Footprints International School Library Network Toul Kork Campus Footprints International School Library Network Toul Kork Campus Librarian's Shelf TK 07/01/2025   ALL 423.12 FISTK05164 07/01/2025 3 07/01/2025 Books
    Dewey Decimal Classification     Non-Fiction Footprints International School Library Network Toul Kork Campus Footprints International School Library Network Toul Kork Campus Librarian's Shelf TK 07/01/2025   ALL 423.12 FISTK05156 07/01/2025 4 07/01/2025 Books
    Dewey Decimal Classification     Non-Fiction Footprints International School Library Network Toul Kork Campus Footprints International School Library Network Toul Kork Campus Librarian's Shelf TK 07/01/2025   ALL 423.12 FISTK05170 07/01/2025 5 07/01/2025 Books
    Dewey Decimal Classification     Non-Fiction Footprints International School Library Network Toul Tom Poung Campus Footprints International School Library Network Toul Tom Poung Campus Librarian's Shelf TTP 12/12/2024   ALL 423.12 2024-2441 12/12/2024 1 12/12/2024 Books
    Dewey Decimal Classification     Non-Fiction Footprints International School Library Network Toul Tom Poung Campus Footprints International School Library Network Toul Tom Poung Campus Librarian's Shelf TTP 12/12/2024   ALL 423.12 2024-2442 12/12/2024 2 12/12/2024 Books
    Dewey Decimal Classification     Non-Fiction Footprints International School Library Network Toul Tom Poung Campus Footprints International School Library Network Toul Tom Poung Campus Librarian's Shelf TTP 08/15/2025   ALL 423.12 2025-4105 08/15/2025 6 08/15/2025 Books